Geometry Dash : Every Map Pack Level - Statistics

General Stats
  • This quiz has been taken 19 times
  • The average score is 81 of 195
Answer Stats
Created by Level % Correct
IIINePtunEIII Back on Track v2
89%
Sumsar Back On Track v2
89%
M2coL demon park
89%
DORABAE dorabaebasic4
89%
TheRealDarnoc Dream
89%
Scanbrux Dreamland
89%
Cody Level Easy
89%
IIINePtunEIII | Sumsar Polargeist v2
89%
DiMaViKuLov26 ReTraY
89%
JerkRat Sonar
89%
IIINePtunEIII stereo madness v2
89%
Sumsar Stereo Madness v2
89%
Jax The Nightmare
89%
ZelLink UFO Madness
89%
TheRealDarnoc yStep
89%
Cody 1
78%
ZenthicAlpha Back on Track RM
78%
IIINePtunEIII Base After Base v2
78%
Rob Buck Buck Force
78%
Rabbitical Cant Let Go v2
78%
IIINePtunEIII Cant let go v2
78%
IIINePtunEIII Clubstep v2
78%
IIINePtunEIII Clutterfunk v2
78%
IIINePtunEIII Cycles v2 R
78%
Roli GD Dark Paradise
78%
FunnyGame Death Step
78%
IIINePtunEIII Dry out v2
78%
IIINePtunEIII Electrodynamix v2
78%
PMK End Of Line
78%
IIINePtunEIII Jumper v2
78%
TrueNature Laser Room
78%
pg1004 pg clubstep
78%
timeless real the lightning road
78%
IIINePtunEIII Theory of every v2
78%
IIINePtunEIII Time Machine v2
78%
ZelLink UFOgeist
78%
ZelLink UFO on Track
78%
IIINePtunEIII Xstep v2
78%
Darnoc2 Beautiful Chaos
67%
MasK463 Crescendo
67%
DORABAE dorabaebasic5
67%
ZenthicAlpha Dry Out RM
67%
IIINePtunEIII Electroman Adven v2
67%
Creator Cloud flappy hexagon
67%
TheSuperbot Flappy Weird
67%
Hakucho789 High hill
67%
Glittershroom Kappaclysm
67%
Experience D moon adventure
67%
Mixroid Polargeist v01
67%
SpacePark Stereo Madness X
67%
VENZA Theory of Relativity
67%
Gelt Time is Eco
67%
AeonAir time pressure
67%
Cody 12 Clutterfunk
56%
Cody 5
56%
TamaN Adrift
56%
xtobe5 ColorZ
56%
BlazeJcy Corrupted Kingdom
56%
MrCheeseTigrr Easy
56%
Findexi Hexagon Force V2
56%
IIINePtunEIII Hexagon Force v2
56%
Mitchell Hexagon HyperDrive
56%
MrCheeseTigrr Impulse
56%
Lyod Lights And Thunder
56%
Partition Partition Madness
56%
Creator Cloud simple cloud
56%
Diamond square adventure
56%
Jax Super Cycles
56%
Cody 10 xStep
44%
Cody 13 ToE
44%
MasK463 Apocalypse Eve
44%
Lyod ClutterStep
44%
BEkID1442 DarnoCant let go
44%
TheRealDarnoc DarnocDynamix
44%
ThisIsPailyn ddays
44%
IIINePtunEIII DeathFunk
44%
- demon jumper
44%
PunkySoul Dimension Machine
44%
ASonicMen ElectroWorld
44%
FlappySheepy endless
44%
croshz fast back on track
44%
croshz fast polargeist
44%
croshz fast stereo madness
44%
JXAN Flappy Ufo
44%
FunnyGame FunnyGame Holiday
44%
Glittershroom Glitter Madness 2k15
44%
TheRealDarnoc Hextec Flow
44%
Gelt Lunar Ocean
44%
KFAOpitar Remake Level 2
44%
MasK463 StarQuake
44%
crepuscole stereo dynamicness
44%
Gelt Time Extension
44%
Cody 8 Jumper
33%
FunnyGame Crazy Bolt
33%
YunHaSeu14 Dizzy World
33%
crepuscole Dynamic On Track
33%
Roli GD Edification
33%
Spu7Nix Enchanted
33%
Rabbitical Extreme Fantasy
33%
Minesap ForceDynamix
33%
JerkRat Gabber Fly
33%
FunnyGame Genesis
33%
Jeyzor GoldenClub
33%
Terminus M Gravity Cycles
33%
RealHaHaHa Hahaha Normal Map
33%
Experience D Ice of dawn
33%
emiliax lightout
33%
Vermillion Mystery Dungeon
33%
TrueNature Natural step
33%
RealKamijo polargeist reverse
33%
MrCheeseTigrr Radioactive Demon
33%
Volkmire289 Ruinest Zone
33%
DualTroniX SoulDust
33%
ZenthicAlpha Soul Refraction
33%
TheRealDarnoc Steam Chamber
33%
Superopi Streetwise
33%
KriticK Time Machine x3
33%
Rublock5 Time Technology
33%
JerkRat Tiny Tunes
33%
Rabb2t Windings
33%
BEkID1442 absolute zero
22%
Glittershroom Captain Jonne
22%
MrCheeseTigrr Chaotic
22%
TheRealDarnoc Clash
22%
TheRealDarnoc Clubdrop
22%
Florent Crystal Blossoms
22%
TheRealDarnoc Cytic Flow
22%
Findexi Electro polargeist
22%
ViPriN Galaxium
22%
ZenthiMegax Galaxy Purple
22%
5duck geometry level
22%
Glittershroom Glitter Jumper
22%
Dhafin Globe Navigation
22%
haoN Haunting
22%
Sumsar Heptagon Force
22%
PunkySoul Little Jumpy
22%
geometry god Made in vuosaari
22%
ZenthicAlpha Mechanic Downforce
22%
Minesap P0RTAL
22%
VENZA Polargeist HD
22%
SpacePark Polargeist X
22%
DesTicY Proton
22%
FunnyGame Requiem
22%
Rabbitical Ripplez Adventures
22%
TheRealDarnoc Scene Machine
22%
Jabbagrullo SkyFrost
22%
TheRealDarnoc Sky Realm
22%
IDontExist | Nakatoshi Stage Mix
22%
IIINePtunEIII Standard Madness
22%
JerkRat SWIRL
22%
Sumsar Theory Of Theory
22%
ASonicMen The Prism
22%
Jabbagrullo Tyrian wall
22%
TheRealDarnoc Utopia Dash
22%
FunnyGame Very hard CLG
22%
IIINePtunEIII Way of the Darkness
22%
Jabbagrullo Zenith
22%
T3chno Afterglow
11%
ZenthicAlpha Breakthrough
11%
FunnyGame Checkmate
11%
tunar98 cyber paradise
11%
ViPriN Dynasty
11%
TheRealDarnoc Electric Freeze
11%
Baskerville Electro DarnoX
11%
gw-madboy Electro rand
11%
TheRealDarnoc Final Step
11%
Predawn GMD Level Mix
11%
SMBlacktime Hexagon Adventure
11%
Lyod Hyper ice Jumper
11%
KeTiS ice cave v4
11%
ZenthicAlpha Iceland
11%
ViPriN Luminoso
11%
ZenthicAlpha Restricted Area
11%
nurong3 stage of madness
11%
- Stereo Electro v3
11%
JerkRat Sunwalker
11%
RealKamijo system out
11%
qurnl2012 Clutterfunk Remix
0%
FunnyGame Cronos Fantasy
0%
Lyod Dimensional Shift
0%
ZenthicAlpha ElectroGate
0%
ViPriN Encore
0%
Lyod ErrorFunk
0%
Gelt Funky Cave
0%
MrCheeseTigrr Funky Dice
0%
RocKdeAd Hopper
0%
ZenthicAlpha Into the deep
0%
ZenthicAlpha Mathymbol Alpha
0%
TheRealDarnoc Mystic Jumper
0%
FunnyGame Royal Sky
0%
Experience D Tetris zone
0%
Lyod Vertigo
0%
Jeyzor Wormhole
0%
No matching quizzes found
Score Distribution
Percent of People with Each Score
Percentile by Number Answered
Your Score History
You have not taken this quiz